000 00598nam a2200241Ia 4500
003 OSt
005 20220918174037.0
006 a|||||r|||| 00| 0
007 ta
008 220917b |||||||| |||| 00| 0 eng d
024 _a10,145
037 _cTextual
040 _aARTS
_cARTS
_beng
041 _2eng
_aeng
082 _aQ2:23, L21
100 _aPandit M P
_922657
245 0 _aBases of Tantra Sadhana
260 _aMadras
_bRajsri
_c1972
300 _avi, 46p.
_ccm.
650 _aRELIGION
942 _hQ2:23, L21
_cTEXL
_2CC
999 _c151535
_d151535